| 000 | 01064nam a2200265Ia 4500 | ||
|---|---|---|---|
| 003 | OSt | ||
| 005 | 20220923211348.0 | ||
| 006 | a|||||r|||| 00| 0 | ||
| 007 | ta | ||
| 008 | 220922b |||||||| |||| 00| 0 san d | ||
| 020 |
_a9788185122793 (hbk) _c800 |
||
| 024 | _a354,205 | ||
| 037 |
_b153/1, 23/12/2021, Vidyanidhi Prakashan _cTextual |
||
| 040 |
_aARTS _cARTS _bsan |
||
| 041 |
_2san _asan |
||
| 082 | _aY:1.2v, 152R0 | ||
| 100 |
_aशास्त्री, मंगलदेव, ले. _9158876 |
||
| 245 | 0 |
_aभारतीय संस्कृति का विकास _b औपनिषद् धारा |
|
| 246 | _aBhāratīya sanskṛuti kā vikāsa: aupaniṣhad dhārā | ||
| 260 |
_aदिल्ली _b भारतीय बुक कॉर्पोरेशन _c2020 |
||
| 300 |
_a298पृ0 _ccm. |
||
| 650 | _aसमाजशास्त्र | ||
| 942 |
_hY:1.2v, 152R0 _cTEXL _2CC |
||
| 999 |
_c298778 _d298778 |
||